| 000 | 00352nam a2200133Ia 4500 | ||
|---|---|---|---|
| 008 | 210716s1984 xx 000 0 und d | ||
| 041 | _aeng | ||
| 082 | _a004.0285 INTR | ||
| 245 | _aIntroducing data processing. | ||
| 250 | _a1 | ||
| 260 |
_aNew Delhi _bGalgotia Book Source _c1984 |
||
| 300 | _a237 | ||
| 650 | _aData processing, Computer science(004) | ||
| 999 |
_c181152 _d181152 |
||